00341nam a2200145Ia 4500008004100000041000800041082001700049100001500066245002600081250000800107260002700115300002200142365001600164700001500180230718s9999 xx 000 0 und d aeng a620.811bHAI aHaideri F. aDynamics Of Machinery a9th c2009bNirali Prakashan a724cWith Diagram cRs.b425.00 aHaideri F.